000 00688nam a2200241Ia 4500
005 20250508170219.0
008 008 250505s9999 xx 000 0 eng d
020 _a0-675-20457-7
037 _aTextual
040 _aFEDL
_beng
_cFEDL
041 _aeng
_2eng
084 _a370.1523, STR
_qFEDL
100 _aStroh Katrin
_9783477
245 0 _aEvery child can learn
245 0 _c. (london UK)
260 _aLondon, UK
_bSage Publications Ltd
_c2008
300 _axxi, 208p.
365 _aGBP
_b45
546 _aGifted by Prof. Sailaja Chennat
700 _a Robinson Thelma Proctor Alan
_9783478
942 _cTEXL
_h370.1523, STR
999 _c1399831
_d1399831